[Event "St Petersburg Korchnoi Memorial op"]
[Site "St Petersburg"]
[Date "2023.08.22"]
[Round "7"]
[White "Darmaeva, Nomina"]
[Black "Krikunova, Olesya"]
[Result "1-0"]
[WhiteElo "1764"]
[BlackElo "1940"]
[PlyCount "50"]
[EventDate "2023.08.18"]
[EventType "swiss"]
[EventRounds "9"]
[EventCountry "RUS"]
[SourceTitle "EXT 2024"]
[Source "ChessBase"]
[SourceDate "2023.10.10"]
[SourceVersion "1"]
[SourceVersionDate "2023.10.10"]
[SourceQuality "1"]

1. e4 e6 2. d4 d5 3. e5 c5 4. c3 Nc6 5. Nf3 Qb6 6. a3 Nh6 7. Bd3 Bd7 8. 0-0 cxd4 9. b4 dxc3 10. Nxc3 Nd4 11. Be3 Nxf3+ 12. Qxf3 d4 13. Bxh6 dxc3 14. Be3 Qc7 15. Qg3 g6 16. Rac1 Ba4 17. Bc2 Bc6 18. Bb3 Bg7 19. f4 h5 20. Rxc3 h4 21. Qe1 g5 22. b5 gxf4 23. bxc6 Bxe5 24. cxb7 Qxb7 25. Ba4+ Ke7 1-0

[Event "Cheliabinsk Panchenko Memorial op-B"]
[Site "Cheliabinsk"]
[Date "2022.09.12"]
[Round "1"]
[White "Darmaeva, Nomina"]
[Black "Kleymenova, Valeria"]
[Result "0-1"]
[WhiteElo "1829"]
[BlackElo "2183"]
[PlyCount "106"]
[EventDate "2022.09.12"]
[EventType "swiss"]
[EventRounds "10"]
[EventCountry "RUS"]
[SourceTitle "CBM 210 Extra"]
[Source "ChessBase"]
[SourceDate "2022.11.30"]
[SourceVersion "1"]
[SourceVersionDate "2022.11.30"]
[SourceQuality "1"]

1. e4 c5 2. Nf3 d6 3. d4 cxd4 4. Nxd4 Nf6 5. Nc3 a6 6. Rg1 b5 7. g4 Bb7 8. Bg2 e6 9. a3 Nfd7 10. h4 Nc6 11. Be3 Nde5 12. Nxc6 Bxc6 13. Bg5 Be7 14. Bxe7 Qxe7 15. g5 Nc4 16. b3 Nxa3 17. Rxa3 b4 18. Ra1 bxc3 19. Qd4 0-0 20. Qxc3 Qb7 21. Qd4 Rfd8 22. Rd1 a5 23. Ra1 e5 24. Qe3 a4 25. Ke2 Rac8 26. Rgc1 d5 27. exd5 Bxd5 28. Bxd5 Qxd5 29. c4 Qb7 30. Rxa4 Rd7 31. c5 Qb5+ 32. Ke1 Rd3 33. Qe4 Rcd8 34. Ra8 Qxb3 35. Rxd8+ Rxd8 36. c6 Qa3 37. Qc4 Rd4 38. Qc2 Qf3 39. c7 Re4+ 40. Qxe4 Qxe4+ 41. Kd2 Qf4+ 42. Kc2 Qf5+ 43. Kb3 Qc8 44. Kb4 Kf8 45. Kb5 Ke7 46. Kb6 f5 47. gxf6+ gxf6 48. f4 exf4 49. Re1+ Kf7 50. Rd1 Qe6+ 51. Kc5 f3 52. Rd6 Qc8 53. Rd8 Qxc7+ 0-1

[Event "Satka Autumn op (Women)"]
[Site "Satka"]
[Date "2022.09.06"]
[Round "8"]
[White "Darmaeva, Nomina"]
[Black "Nosacheva, Mariya"]
[Result "1-0"]
[WhiteElo "1853"]
[BlackElo "2166"]
[PlyCount "73"]
[EventDate "2022.08.30"]
[EventType "swiss"]
[EventRounds "9"]
[EventCountry "RUS"]
[SourceTitle "CBM 210 Extra"]
[Source "ChessBase"]
[SourceDate "2022.11.30"]
[SourceVersion "1"]
[SourceVersionDate "2022.11.30"]
[SourceQuality "1"]

1. e4 c5 2. Nf3 d6 3. d4 cxd4 4. Nxd4 Nf6 5. Nc3 a6 6. Rg1 e5 7. Nb3 Be6 8. g4 h6 9. h4 Nfd7 10. g5 hxg5 11. hxg5 g6 12. Be3 Nb6 13. Qd2 N8d7 14. 0-0-0 Rc8 15. f4 exf4 16. Bxf4 Ne5 17. Nd4 Bc4 18. Bg2 Qc7 19. Rh1 Rxh1 20. Rxh1 Bg7 21. Bh3 Nbd7 22. Kb1 b5 23. Nd5 Bxd5 24. exd5 Qc5 25. Bxe5 Qxd5 26. Bg2 Qxe5 27. Re1 Qxe1+ 28. Qxe1+ Kf8 29. c3 Nc5 30. Qf1 Re8 31. Bd5 Re7 32. Nc6 Rd7 33. Qh3 Rc7 34. Qg3 Nb7 35. Nd4 Be5 36. Qf3 Nc5 37. Nc6 1-0

[Event "EU-ch Schools U13 Girls"]
[Site "Tornelo INT"]
[Date "2021.12.03"]
[Round "1"]
[White "Khvadagiani, Kristine"]
[Black "Darmaeva, Nomina"]
[Result "1-0"]
[WhiteElo "1446"]
[BlackElo "1773"]
[PlyCount "57"]
[EventDate "2021.12.03"]
[EventType "swiss (rapid)"]
[EventRounds "7"]
[EventCountry "NET"]
[SourceTitle "EXT 2023"]
[Source "ChessBase"]
[SourceDate "2022.10.05"]
[SourceVersion "1"]
[SourceVersionDate "2022.10.05"]
[SourceQuality "1"]

1. e4 e5 2. Nf3 Nc6 3. Bb5 a6 4. Ba4 Nf6 5. Bxc6 dxc6 6. d3 Bd6 7. 0-0 0-0 8. Nbd2 b5 9. d4 Re8 10. dxe5 Bxe5 11. Nxe5 Rxe5 12. f3 Bb7 13. Nb3 Nd7 14. Bf4 Re8 15. Qd4 Qc8 16. Rad1 Nf8 17. Nc5 Ne6 18. Nxe6 Qxe6 19. b3 Rac8 20. Bg3 Qe7 21. Qa7 Rb8 22. Rd2 c5 23. Rfd1 Qg5 24. Bxc7 Qe3+ 25. Kh1 Bxe4 26. fxe4 Qxe4 27. Qxb8 Rxb8 28. Rd8+ Qe8 29. Bxb8 1-0

[Event "EU-ch Hybrid U14 Girls"]
[Site "Tornelo INT"]
[Date "2021.10.15"]
[Round "5"]
[White "Darmaeva, Nomina"]
[Black "Kuzmina, Anna"]
[Result "1-0"]
[WhiteElo "1767"]
[BlackElo "1423"]
[PlyCount "71"]
[EventDate "2021.10.15"]
[EventType "swiss"]
[EventRounds "9"]
[EventCountry "NET"]
[SourceTitle "EXT 2023"]
[Source "ChessBase"]
[SourceDate "2022.10.05"]
[SourceVersion "1"]
[SourceVersionDate "2022.10.05"]
[SourceQuality "1"]
[WhiteTeam "Russia"]
[BlackTeam "Russia"]
[WhiteTeamCountry "RUS"]
[BlackTeamCountry "RUS"]

1. e4 c5 2. Nf3 e6 3. d4 cxd4 4. Nxd4 a6 5. c4 Qc7 6. Nc3 Nf6 7. Be2 Bb4 8. Qd3 Nc6 9. a3 Bd6 10. Nxc6 dxc6 11. Qe3 e5 12. c5 Be7 13. Qg3 0-0 14. Be3 Be6 15. 0-0 Nd7 16. b4 f5 17. exf5 Bxf5 18. Bc4+ Kh8 19. Rad1 Rf6 20. f4 Rg6 21. Qe1 Bh3 22. Rd2 Rf8 23. Kh1 Bf5 24. Rdf2 Qc8 25. Bd2 Bh4 26. g3 Bh3 27. Rg1 Be7 28. Bd3 Rgf6 29. g4 R6f7 30. Rg3 Bh4 31. Rxh3 Bxf2 32. Rxh7+ Kg8 33. Qxf2 Nf6 34. Qh4 Rd7 35. Bg6 Nxh7 36. Qxh7# 1-0